LEADER 00845nam0 2200229 450 001 000017647 005 20181001101840.0 100 $a20081015d1917----km-y0itay50------ba 101 0 $aita 102 $aIT 105 $ay-------001yy 200 1 $a<>Italia economica nell'anno 1916$eannuario della vita commerciale, industriale, agraria, bancaria, finanziaria e della politica economica$fRiccardo Bachi 210 $aCittā di Castello$cLapi$d1917$aMilano$cSocietā editrice Dante Alighieri 215 $aXVI, 394 p.$d25 cm 610 1 $aItalia$aEconomia$a1916 676 $a330.945$v19$9Sviluppo economico. Italia 700 1$aBachi,$bRiccardo$03036 801 0$aIT$bUNIPARTHENOPE$c20081015$gRICA$2UNIMARC 912 $a000017647 951 $a330.945/119$b11278$cNAVA4 996 $aItalia economica nell'anno 1916$91202039 997 $aUNIPARTHENOPE